Responses for Show #2241 - Monday, May 9, 1994

1994 College Championship semifinal game 1.

Contestants

[<< previous game]

Keri Ellis, a senior from Michigan Technological University

Martin Poteralski, a senior from Georgia Tech

Sarah Jane Whitten, a senior from University of Texas at Dallas

[next game >>]

Jeopardy! Round responses

IN THE BOOKSTORE
TOYS & GAMES
NATURE
ON THE ROAD
FAST FOOD
RHYME TIME
    $100 16
Jay Leno

Martin
    $100 30
Sonic the Hedgehog

Martin
    $100 19
beet

Martin
    $100 7
turnpike

Keri
    $100 6
Burger King

Sarah Jane
    $100 1
whale tale

Keri
    $200 20
Pat

Sarah Jane
    $200 29
suits

Martin
    $200 25
slugs

Sarah Jane
    $200 11
shoulder

Martin
    $200 8
Arby's

Keri
    $200 2
rock clock

Keri
    $300 23
Garrison Keillor

Keri
    $300 22
E

Martin
    $300 10
banana

Sarah Jane
    $300 14
cloverleaf

Sarah Jane
    $300 9
Domino's

Martin
    $300 3
Greek speak (speak Greek)

Keri
    $400 24
Elvis

Keri
    $400 28
backgammon

Martin
    $800 12
starfish

Martin
    $400 15
hairpin

Keri
    $400 17
Taco Bell

Keri
    $400 4
skate date

Martin
    $500 26
Gray's Anatomy

Keri
    $500 27
Othello

Keri
    $500 13
flower

Triple Stumper
    $500 21
gridlock

Martin
    $500 18
Dairy Queen

Keri
    $500 5
cavern tavern

Keri

Scores at the first commercial break (after clue 15):

Sarah Jane Martin Keri
$700 $1,700 $1,800

Scores at the end of the Jeopardy! Round:

Sarah Jane Martin Keri
$1,100 $3,400 $4,400

Double Jeopardy! Round responses

JAPAN
TV SITCOMS
19th CENTURY AMERICA
POETRY
TRANSPORTATION
MUSEUMS
    $200 29
rice

Keri
    $200 13
football

Keri
    $200 30
New York City

Sarah Jane
    $200 24
Whitman

Martin
    $200 14
Mississippi

Martin
    $200 17
Louvre

Keri
    $400 28
Tokyo

Keri
    $400 12
Cheers

Keri
    $400 27
Kellogg

Sarah Jane
    $400 23
Dylan Thomas

Keri
    $400 18
all-terrain vehicle

Martin
    $400 16
Venice

Keri
    $600 4
Buddhism

Keri
    $600 11
Roseanne

Keri
    $600 20
Boss Tweed

Sarah Jane
    $600 19
Carl Sandburg

Sarah Jane
    $600 9
gurney

Martin
    $600 10
Simón Bolívar

Keri
    $800 7
the rising sun

Sarah Jane
    $800 6
Full House

Martin
    $2,100 2
Wounded Knee

Sarah Jane
    $1,500 21
(Percy Bysshe) Shelley

Sarah Jane
    $800 25
Conestoga

Sarah Jane
    $800 15
Dostoyevsky

Keri
    $1000 8
Liberal Democratic Party

Martin
    $1000 5
Jim Dial

Keri
    $1000 1
Missouri Compromise

Sarah Jane
    $1000 22
Ode to a Nightingale

Keri
    $1000 26
frigate

Martin
    $1000 3
Oslo

Martin

Scores at the end of the Double Jeopardy! Round:

Sarah Jane Martin Keri
$9,100 $8,600 $11,200

[wagering suggestions for these scores]

Final Jeopardy! Round responses

THE SUPREME COURT
MartinWho was Jay?
$4,500
Sarah JaneWho is John Jay?
$8,102
KeriWho is John Jay?
$10,000
John Jay

Final scores:

Sarah Jane Martin Keri
$17,202 $13,100 $21,200
2nd place: $5,000 3rd place: $5,000 Finalist

Game dynamics:

Coryat scores:

Sarah Jane Martin Keri
$7,100 $8,200 $11,200
14 R
(including 2 DDs),
0 W
19 R
(including 1 DD),
0 W
26 R,
0 W

Combined Coryat: $26,500

[game] [game scores] [suggest correction]

Game tape date: 1994-02-28
The J! Archive is created by fans, for fans. Scraping, republication, monetization, and malicious use prohibited; this site may use cookies and collect identifying information. See terms. The Jeopardy! game show and all elements thereof, including but not limited to copyright and trademark thereto, are the property of Jeopardy Productions, Inc. and are protected under law. This website is not affiliated with, sponsored by, or operated by Jeopardy Productions, Inc. Join the discussion at JBoard.tv.